| 000 | 00485nam a22001817a 4500 | ||
|---|---|---|---|
| 003 | CEME | ||
| 005 | 20210628203116.0 | ||
| 008 | 210120b xxu||||| |||| 00| 0 eng d | ||
| 020 | _a969-442-054-7 | ||
| 040 | _c. | ||
| 082 | _a954.91042 JAF | ||
| 100 |
_aJafri, Raise Ahmed _963362 |
||
| 245 | _aQuaid-i-azam aur un ka ehad, hayait muhmmad ali jinnah | ||
| 260 |
_aLAHORE _bMAQBOOL ACADEMY _c2006 |
||
| 300 | _a671P | ||
| 650 |
_aBIOGRAPHY-QUAID-E-EAZAM _963363 |
||
| 942 |
_cBK _2ddc |
||
| 999 |
_c572211 _d572211 |
||